000 00672nam a2200229 i 4500
001 C2-0072767
003 PPAK
005 20190630222218.0
008 970429s1986 my |||| ||||| | may d
040 _aPPAK
_beng
_cPPAK
_erda
082 0 4 _a899.23
_223
090 0 0 _a899.23
_bMES
_dKSS
245 0 0 _aMesyuarat Agong GAPENA (1986 : Kuala Lumpur)
264 1 _aKuala Lumpur :
_bDewan Bahasa dan Pustaka ,
_c1986
300 _c28 cm
336 _2rdacontent
_atext
337 _2rdamedia
_aunmediated
338 _2rdacarrier
_avolume
500 _a1 Jil. [Muka surat pelbagai) ; Penyata ; Mesyuarat Agung ke XV
650 1 0 _aAuthors, Malay - Congresses
942 _ddc
_cB
999 _c9633
_d9633